The harbourmaster : (Record no. 77023)
[ view plain ]
| 000 -LEADER | |
|---|---|
| fixed length control field | 00749nam a2200241 a 4500 |
| 001 - CONTROL NUMBER | |
| control field | 77023 |
| 003 - CONTROL NUMBER IDENTIFIER | |
| rucl marc code | BD-RjUL |
| 005 - DATE AND TIME OF LATEST TRANSACTION | |
| control field | 20211209082922.0 |
| 008 - FIXED-LENGTH DATA ELEMENTS--GENERAL INFORMATION | |
| fixed length control field | 200216s19321931nyu 000 0 eng |
| 035 ## - SYSTEM CONTROL NUMBER | |
| System control number | (BD-RjUL)77247 |
| 040 ## - CATALOGING SOURCE | |
| Original cataloging agency | DLC |
| Transcribing agency | CarP |
| Modifying agency | DLC |
| -- | BD-RjUL |
| Language of cataloging | eng |
| 041 ## - LANGUAGE CODE | |
| Language code of text/sound track or separate title | eng |
| 082 ## - DEWEY DECIMAL CLASSIFICATION NUMBER | |
| Edition number | 23 |
| Classification number | 823.912 |
| Author mark and year | MCH 1932 |
| 100 1# - MAIN ENTRY--PERSONAL NAME | |
| Personal name | McFee, William, |
| Dates associated with a name | 1881- |
| 9 (RLIN) | 239393 |
| 245 14 - TITLE STATEMENT | |
| Title | The harbourmaster : |
| Remainder of title | a novel / |
| Statement of responsibility, etc. | William McFee. |
| 260 ## - PUBLICATION, DISTRIBUTION, ETC. (IMPRINT) | |
| Place of publication, distribution, etc. | Garden City, N.Y. : |
| Name of publisher, distributor, etc. | Doubleday, Doran & company, inc., |
| Date of publication, distribution, etc. | c1931, [printing1932 ] |
| 300 ## - PHYSICAL DESCRIPTION | |
| Pagination | 5 p.l., 439 p.; |
| Size | 21 cm. |
| 650 ## - SUBJECT ADDED ENTRY--TOPICAL TERM | |
| Topical term or geographic name as entry element | Married people |
| General subdivision | Fiction |
| 9 (RLIN) | 239394 |
| Topical term or geographic name as entry element | Culture conflict |
| General subdivision | Fiction |
| 9 (RLIN) | 239395 |
| 942 ## - ADDED ENTRY ELEMENTS (KOHA) | |
| Source of classification or shelving scheme | Dewey Decimal Classification |
| Koha item type | Books |
| Lost status | Source of classification or shelving scheme | Damaged status | Not for loan | Collection code | Permanent Location | Current Location | Shelving location | Date acquired | Total Checkouts | Full call number | Date last seen | Copy number | Koha item type |
|---|---|---|---|---|---|---|---|---|---|---|---|---|---|
| Dewey Decimal Classification | Not For Loan | Fiction | Central Library, University of Rajshahi | Central Library, University of Rajshahi | Reading Room | 16/02/2020 | 823.912 MCH 1932 | 16/02/2020 | C-1 | Books |